000 00313nam a22001337a 4500
082 _a592
_bNAI/T
100 _aNAIR, N.C
100 _aLEELAVATHY, S
245 _aA TECTBOOK OF INVERTEBRATES
260 _aNAGARCOIL
_bSARAS PUBLICATIONS
_c2004
300 _a1073
650 _aBIOLOGY REFERENCE
_zINDIA
942 _cBK
999 _c1389
_d1389